Situaciones en la enseñanza 1: conversación y discurso /

Guardado en:
Autor Principal: Becker, George
Otros Autores: Bilek, R.
Formato: Libro
Publicado: Buenos Aires : Kapelusz, 1979
Series:Bibl. de Cult. Pedagógica, 169
Materias:
Etiquetas: Agregar Etiqueta
Sin Etiquetas, Sea el primero en etiquetar este registro!
LEADER 00679nam a22002295a 4500
001 CEM.cems000915
005 20060213000000.0
008 130507s1979##################000#0#####d
003 CEMS
082 0 4 |a 371 
100 1 |a Becker, George 
245 1 0 |a Situaciones en la enseñanza 1: conversación y discurso / 
260 |a Buenos Aires :  |b Kapelusz,  |c 1979 
300 |a 103 p. 
490 0 |a Bibl. de Cult. Pedagógica, 169 
505 0 |a Entrenamiento didáctico y material de entrenamiento 
653 |a Didactica 
653 |a Educacion 
653 |a Formacion docente 
653 |a Pedagogia 
700 1 |a Bilek, R. 
859 |a CEMS  |b BIB. CEMS - 11 de abril  |h 371  |i B388/I  |p 11231.82  |t Ej.1